| 000 | 00707nam a2200277Ia 4500 | ||
|---|---|---|---|
| 008 | 180207s9999 xx 000 0 und d | ||
| 020 | _a9780545174152 | ||
| 050 | _bA957 2003 | ||
| 100 | _aAvi. | ||
| 245 | _aNothing but the truth : | ||
| 245 | _ba documentary novel / | ||
| 245 | _cby Avi. | ||
| 260 | _aBroadway, New York | ||
| 260 | _bScholastic, | ||
| 260 | _c2003 | ||
| 300 | _a177 pages : | ||
| 300 | _billustrations ; | ||
| 300 | _c19cm. | ||
| 650 | _aHigh school students -- | ||
| 650 | _aStudent suspension -- | ||
| 650 | _aTeacher-student relationship -- | ||
| 650 | _xJuvenile fiction. | ||
| 650 | _xJuvenile fiction. | ||
| 650 | _xJuvenile fiction. | ||
| 700 | _aTitle. | ||
| 999 |
_c354996 _d354996 |
||